Alphabet à l'envers - Statistiques

Statistiques générales
  • Ce quiz a été pris 1 134 fois
  • Le résultat moyen est 20 sur 26
Statistiques - réponses
Hint Réponse % Correct
Z Z
95%
Y Y
91%
X X
89%
T T
87%
R R
86%
W W
86%
U U
85%
V V
85%
S S
83%
P P
81%
O O
80%
Q Q
79%
M M
78%
J J
77%
L L
77%
I I
76%
K K
76%
H H
74%
N N
74%
G G
71%
E E
70%
F F
70%
A A
67%
D D
65%
B B
59%
C C
59%
Aucun quiz correspondant
Distribution des résultats
% des personnes avec chaque résultat
Percentile par nombre de réponses
Votre historique - résultats
Vous n’avez pas pris ce quiz